<?xml version="1.0" encoding="UTF-8"?><?xml-stylesheet type="text/xsl" href="static/style.xsl"?><OAI-PMH xmlns="http://www.openarchives.org/OAI/2.0/" xmlns:xsi="http://www.w3.org/2001/XMLSchema-instance" xsi:schemaLocation="http://www.openarchives.org/OAI/2.0/ http://www.openarchives.org/OAI/2.0/OAI-PMH.xsd"><responseDate>2026-04-17T02:51:26Z</responseDate><request verb="GetRecord" identifier="oai:www.recercat.cat:2117/411745" metadataPrefix="marc">https://recercat.cat/oai/request</request><GetRecord><record><header><identifier>oai:recercat.cat:2117/411745</identifier><datestamp>2025-07-22T22:55:41Z</datestamp><setSpec>com_2072_1033</setSpec><setSpec>col_2072_452951</setSpec></header><metadata><record xmlns="http://www.loc.gov/MARC21/slim" xmlns:dcterms="http://purl.org/dc/terms/" xmlns:xsi="http://www.w3.org/2001/XMLSchema-instance" xmlns:doc="http://www.lyncode.com/xoai" xsi:schemaLocation="http://www.loc.gov/MARC21/slim http://www.loc.gov/standards/marcxml/schema/MARC21slim.xsd">
   <leader>00925njm 22002777a 4500</leader>
   <datafield ind2=" " ind1=" " tag="042">
      <subfield code="a">dc</subfield>
   </datafield>
   <datafield ind2=" " ind1=" " tag="720">
      <subfield code="a">Olmo José, Aleix</subfield>
      <subfield code="e">author</subfield>
   </datafield>
   <datafield ind2=" " ind1=" " tag="260">
      <subfield code="c">2024-04</subfield>
   </datafield>
   <datafield ind2=" " ind1=" " tag="520">
      <subfield code="a">El presente Trabajo se centra en demostrar la integración de una inteligencia artificial como recurso asistencial en el desarrollo de funcionalidades específicas dentro de Visual Basic for Applications (VBA) para Microsoft Excel, especialmente dirigidas a la gestión de proyectos y gestión comercial. El objetivo principal de este informe es examinar las capacidades de la inteligencia artificial ChatGPT, creada por la empresa OpenAI, como apoyo en la elaboración de un sistema de gestión de proyectos en VBA que optimice y mejore la gestión y coordinación de proyectos comerciales. Para este fin, se desarrollan diversas macros y se construye una aplicación personalizada que se somete a pruebas en un entorno empresarial real, con el fin de determinar su usabilidad y eficacia. Simultáneamente, se lleva a cabo una investigación sobre las limitaciones y los desafíos técnicos que implica la integración de ChatGPT, con el objetivo de comprender y superar los obstáculos que impiden una implementación eficaz.</subfield>
   </datafield>
   <datafield tag="653" ind2=" " ind1=" ">
      <subfield code="a">Àrees temàtiques de la UPC::Informàtica</subfield>
   </datafield>
   <datafield tag="653" ind2=" " ind1=" ">
      <subfield code="a">Artificial intelligence--Financial applications</subfield>
   </datafield>
   <datafield tag="653" ind2=" " ind1=" ">
      <subfield code="a">Intel·ligència artificial--Aplicacions a les finances</subfield>
   </datafield>
   <datafield ind2="0" ind1="0" tag="245">
      <subfield code="a">ChatGPT + Microsoft Excel VBA: realidad o ficción</subfield>
   </datafield>
</record></metadata></record></GetRecord></OAI-PMH>